MARC

LEADER 00000ny a22000003n 4500
005 20110509112254.0
008 940505c19539999sp ar s 0 0 b0spa c
022 |a 0518-0872 
035 |a 1716 
040 |a UMA.RE  |d UAM.PP  |d UMA.DER  |d UMA.HUM  |d vlex 
080 |a 340.1(460)2(058) 
090 |c 1436  |d 1436 
245 0 0 |a Anuario de filosofa̕ del derecho  |h [Recurso electrn̤ico]  |c area de filosofia del derecho, Universidad de Zaragoza 
256 |a Servicio en ln̕ea 
260 |a Madrid :  |b Instituto Nacional de Estudios Jurd̕icos :  |b Ministerio de Justicia, Secretaria General Tecnica 
310 |a Anual 
506 1 |a Contenido solo disponible en los productos indicados  |d vLex Global  |d vLex Global (Academic Edition, excluding Law Schools)  |d vLex Global (U.S. Academic Edition, Law Schools)  |d vLex Global (U.S. Academic Edition, excluding Law Schools)  |d vLex Global (Academic Edition, Law Schools) 
550 |a Los tomos de la nueva serie 2 y 3 son editados por el Instituto Nacional de Estudios Juridicos y pertenecen a la serie (Publicaciones del Instituto Nacional de Estudios Juridicos.Serie 1a.Publicaciones periodicas; n.4) 
650 0 7 |a Filosofa̕ del derecho  |2 Tesauro vLex 
710 1 |a Espaą.  |b Ministerio de Justicia.  |b Secretaria General Tecnica 
710 1 |a Instituto Nacional de Estudios Jurd̕icos (Espaą) 
710 1 |a Universidad de Zaragoza.  |b Area de Filosofia del Derecho 
740 0 |a vLex Revista (Servicios en ln̕ea) 
853 |8 1  |i (year)  |j (month)  |k (day) 
856 4 0 |u http://vlex.com/source/1716  |z Acceso restringido 
942 |c REV